000
00250nam a22001217a 4500
020
_a
0-7214-2198-9
082
_a
823
_b
DIS/D
100
_a
DIS/D
245
_a
DINOSAUR
260
_a
LONDON
_b
LADY BIRD
650
_a
ENGLISH SHORT STORY
_z
UK
942
_c
BK
999
_c
1868
_d
1868